000 00406nam a2200157Ia 4500
008 240729s9999 xx 000 0 und d
022 _a2632-3338
245 4 _aThe Planetary Science Journal
260 _aUnited Kingdom
260 _bIOP Publishing
650 _a Astronomy
650 _aScience
856 _uhttps://doaj.org/toc/d95df8095686422690b84a9ca93b2579
942 _2ddc
942 _cDOAJEJ
999 _c73670
_d73670
945 _a1
_bMadushi Gamage
_c1
_dMadushi Gamage